[Event "Pardubice op rap 25th"]
[Site "Pardubice"]
[Date "2014.07.17"]
[Round "7"]
[White "Musaev, Rasul"]
[Black "Rodionova, Polina"]
[Result "0-1"]
[WhiteElo "2281"]
[BlackElo "2138"]
[PlyCount "72"]
[EventDate "2014.07.16"]
[EventType "swiss (rapid)"]
[EventRounds "9"]
[EventCountry "CZE"]
[SourceTitle "EXT 2015"]
[Source "ChessBase"]
[SourceDate "2014.11.20"]
[SourceVersion "1"]
[SourceVersionDate "2014.11.20"]
[SourceQuality "1"]

1. e4 e5 2. Nf3 Nc6 3. d4 exd4 4. Nxd4 Nf6 5. Nxc6 bxc6 6. e5 Qe7 7. Qe2 Nd5 8. c4 Nb6 9. Nd2 Bb7 10. a4 a5 11. f4 d6 12. Qe4 dxe5 13. fxe5 Nd7 14. Nf3 f6 15. Be2 Nxe5 16. 0-0 Nxf3+ 17. Qxf3 Qe5 18. Bf4 Bc5+ 19. Kh1 Qe7 20. Qh5+ g6 21. Qh6 0-0-0 22. Rae1 Qf8 23. Qh3+ Kb8 24. Qg3 Qg7 25. Bf3 h5 26. Be3 Bd6 27. Qf2 g5 28. Be4 Be5 29. Bd2 g4 30. Bxa5 h4 31. Qf5 Bc8 32. Qg6 Qe7 33. Bxc6 Qc5 34. Bb5 h3 35. Re2 hxg2+ 36. Rxg2 Bb7 0-1

[Event "Wch U16 Girls"]
[Site "Al Ain"]
[Date "2013.12.27"]
[Round "10"]
[White "Rodionova, Polina"]
[Black "Derakhshani, Dorsa"]
[Result "1/2-1/2"]
[WhiteElo "2095"]
[BlackElo "2087"]
[PlyCount "80"]
[EventDate "2013.12.18"]
[EventType "swiss"]
[EventRounds "11"]
[EventCountry "UAE"]
[SourceTitle "CBM 158 Extra"]
[Source "ChessBase"]
[SourceDate "2014.02.28"]
[SourceVersion "1"]
[SourceVersionDate "2014.02.28"]
[SourceQuality "1"]

1. e4 e5 2. Nf3 Nc6 3. Bb5 a6 4. Ba4 Nge7 5. 0-0 g6 6. c3 Bg7 7. d4 exd4 8. cxd4 b5 9. Bc2 d5 10. Nc3 0-0 11. h3 dxe4 12. Bxe4 f5 13. Bxc6 Nxc6 14. d5 Ne7 15. Qb3 Kh8 16. Bf4 h6 17. Rad1 g5 18. Be5 Ng6 19. Bxg7+ Kxg7 20. Rfe1 Qd6 21. Nd4 Kh7 22. Ne6 Rf6 23. Qc2 Bd7 24. Qe2 b4 25. Nb1 Re8 26. Qc4 Ne5 27. Qd4 Bxe6 28. Rxe5 Bd7 29. Rxe8 Bxe8 30. Nd2 c5 31. Qe3 Bb5 32. Nf3 Rf7 33. Qe5 Qxe5 34. Nxe5 Re7 35. Nf3 Kg7 36. b3 Kf6 37. Rc1 Rc7 38. Re1 Re7 39. Rc1 Rc7 40. Re1 Re7 1/2-1/2